| 000 | 01677nam a2200385 i 4500 | ||
|---|---|---|---|
| 003 | EG-GICUC | ||
| 005 | 20260121101516.0 | ||
| 008 | 251217s1880 uk | ||fr|||| 001 0 eng d | ||
| 040 |
_aEG-GiCUC _cEG-GiCUC _dEG-GiCUC _erda _beng |
||
| 041 | _aeng | ||
| 082 | 0 | 4 |
_221 _a341.84 _bSA . T |
| 092 | 0 | 4 | _221 |
| 099 | _aLaw1 12 341.84 SA . T 2 ed - 1880 | ||
| 100 | 1 |
_aSavigny, Friedrich Karl von, _d1779-1861, _eAuthor. |
|
| 245 | 1 | 0 |
_aPrivate International Law and the Retrospective Operation of Statutes : _bA Treatise on the Conflict of Laws and the Limits of Their Operation in Respect of Place and Time / _cBy Friedrich Carl Von Savigny ; Translated, With Notes, by William Guthrie. With an Appendix Containing the Treatises of Bartolus, Molinaeus, Paul Voet, and Huber. |
| 250 |
_aSecond Edition , _bRevised |
||
| 264 | 1 |
_aEdinburgh ; _bT. Clark, _aLondon : _bSweet & Maxwell Limited, _c1880. |
|
| 300 |
_axii, 567 pages ; _c24 cm. |
||
| 336 |
_2rda content _atext |
||
| 337 |
_2rda media _aComputer |
||
| 338 |
_2rda carrier _aOnline Resource |
||
| 500 | _a1st ed. has title: Private international law. | ||
| 504 | _aIncludes bibliographical references and index. | ||
| 546 | _aText in English | ||
| 650 | 1 | 4 |
_aconflict of laws _xPrivate international law _2qrmak |
| 651 | 1 | _2qrmak | |
| 700 | 1 |
_aGuthrie, William, _d1835-1908. _eTranslator. |
|
| 700 | 1 |
_aBartolus, _c1313-1357, _eContributor |
|
| 700 | 1 |
_aMoulinaeus, _d1500-1566, _eContributor |
|
| 700 | 1 |
_aVoet, Paul, _d1619-1667, _eContributor |
|
| 700 | 1 |
_aHuber, _d1636-1694, _eContributor |
|
| 856 | 4 | 0 | _uhttps://fll.law.cu.edu.eg/fulltext/bks/B12-01563.pdf |
| 905 |
_a75 _eHassnaa |
||
| 942 |
_2ddc _cBK _e21 _n0 |
||
| 999 |
_c51150 _d51150 |
||